000 00591nam a2200181Ia 4500
001 4481
005 20260306145759.0
008 260306t2008||||xx |||||||||||||| ||spa||
041 _aESP
082 _a323.1
_bI59M
100 _aInstituto Interamericano de Derechos Humanos
_eAUT
245 0 _aCampaña educativa sobre derechos humanos y derechos indígenas:
_bManual de capacitación sobre participación política, incidencia, ciudadanía, género y medio ambiente
260 _c2008
300 _a123 páginas :
_c21 cm.
650 _aGEN
654 _aCHU
942 _cLIB
_dJUS
_fJUS
_2ddc
_n
999 _c4481
_d4481